[Event "Augsburg Afro op-A 18th"]
[Site "Augsburg"]
[Date "2011.08.06"]
[Round "6"]
[White "Endisch, Peter"]
[Black "Kleuster, Anton"]
[Result "1-0"]
[WhiteElo "1993"]
[BlackElo "1748"]
[PlyCount "57"]
[EventDate "2011.08.04"]
[EventType "swiss"]
[EventRounds "7"]
[EventCountry "GER"]
[SourceTitle "EXT 2015"]
[Source "ChessBase"]
[SourceDate "2014.11.20"]
[SourceVersion "1"]
[SourceVersionDate "2014.11.20"]
[SourceQuality "1"]

1. e4 c5 2. Nf3 d6 3. d4 cxd4 4. Qxd4 Nc6 5. Bb5 Bd7 6. Bxc6 bxc6 7. c4 Nf6 8. e5 dxe5 9. Nxe5 e6 10. 0-0 Qc7 11. Nc3 Rd8 12. h3 Bd6 13. Re1 0-0 14. Bg5 Be7 15. Qe3 Bc8 16. Bf4 Nh5 17. Bh2 Qb7 18. Qf3 Qxb2 19. Nxc6 Bf6 20. Ne4 Rd7 21. Qxh5 Qxa1 22. Rxa1 Bxa1 23. Be5 Bxe5 24. Nxe5 Rd4 25. Qe2 Ba6 26. Nc5 Bxc4 27. Nxc4 Rc8 28. Nd2 Rxd2 29. Qxd2 1-0

[Event "Augsburg Afro op-A 18th"]
[Site "Augsburg"]
[Date "2011.08.05"]
[Round "3"]
[White "Kleuster, Anton"]
[Black "Kwossek, Georg"]
[Result "0-1"]
[WhiteElo "1748"]
[BlackElo "2048"]
[PlyCount "150"]
[EventDate "2011.08.04"]
[EventType "swiss"]
[EventRounds "7"]
[EventCountry "GER"]
[SourceTitle "EXT 2015"]
[Source "ChessBase"]
[SourceDate "2014.11.20"]
[SourceVersion "1"]
[SourceVersionDate "2014.11.20"]
[SourceQuality "1"]

1. e4 c5 2. Nf3 d6 3. Bc4 Nc6 4. Nc3 Nf6 5. d3 e6 6. Bg5 Be7 7. h4 a6 8. a4 Bd7 9. Qd2 h6 10. Be3 Ng4 11. Ke2 Na5 12. Bf4 Bc6 13. Rh3 Bf6 14. Rg3 Ne5 15. Bxe5 dxe5 16. Qe3 b6 17. Rh3 Bb7 18. g4 Nc6 19. Rah1 g6 20. g5 hxg5 21. hxg5 Rxh3 22. Rxh3 Bg7 23. Rh7 Kf8 24. Ng1 Nd4+ 25. Kd2 b5 26. axb5 axb5 27. Bxb5 Qb6 28. Qh3 Nxb5 29. Rh8+ Bxh8 30. Qxh8+ Ke7 31. Qf6+ Ke8 32. Nf3 Nxc3 33. bxc3 Qd8 34. Qh8+ Ke7 35. Qf6+ Kd6 36. Qxe5+ Kc6 37. Qf4 Qe7 38. Ne5+ Kb6 39. Nc4+ Ka7 40. e5 Ba6 41. Nd6 Rd8 42. Qe3 Qc7 43. Qf4 Rd7 44. d4 cxd4 45. Qxd4+ Qb6 46. Qf4 Qc5 47. Qg3 Qd5+ 48. Kc1 Qh1+ 49. Kb2 Qc6 50. Kc1 Rd8 51. Qf4 Rd7 52. Qe3+ Qb6 53. Qf4 Qa5 54. Qe3+ Ka8 55. Kd2 Qd5+ 56. Kc1 Qh1+ 57. Kb2 Qc6 58. Qf4 Ra7 59. Qh2 Bc8 60. Qh8 Rc7 61. c4 Qc5 62. Qf6 Kb8 63. Qf4 Qb4+ 64. Kc1 Ra7 65. Kd1 Ra1+ 66. Ke2 Qe1+ 67. Kf3 Qh1+ 68. Ke3 Qc1+ 69. Kf3 Bb7+ 70. Nxb7 Qxf4+ 71. Kxf4 Kxb7 72. f3 Kc6 73. Ke4 Kc5 74. f4 Ra4 75. Kf3 Rxc4 0-1